| 000 -LEADER |
| fixed length control field |
00560nam a22001937a 4500 |
| 008 - FIXED-LENGTH DATA ELEMENTS--GENERAL INFORMATION |
| fixed length control field |
151117b xxu||||| |||| 00| 0 eng d |
| 020 ## - INTERNATIONAL STANDARD BOOK NUMBER |
| International Standard Book Number |
013487885X |
| 041 0# - LANGUAGE CODE |
| Language code of text/sound track or separate title |
eng |
| 080 ## - UNIVERSAL DECIMAL CLASSIFICATION NUMBER |
| Universal Decimal Classification number |
658.15 |
| 100 1# - Rafti |
| Rafti |
Horngren, Charles T., |
| 245 10 - TITLE STATEMENT |
| Title |
Introduction to management accounting / |
| Statement of responsibility, etc |
Charles T. Horngren, Gary L. Sundem. |
| 250 ## - |
| -- |
7th ed. |
| 260 ## - |
| -- |
Englewood Cliffs, N.J. : |
| -- |
Prentice-Hall, |
| -- |
c1987. |
| 300 ## - |
| -- |
xxi, 762 f. : |
| -- |
me ill. ; |
| -- |
25 cm. |
| 650 #0 - |
| -- |
Kontabilitet |
| 650 #0 - |
| -- |
|Menaxherial |
| 700 1# - |
| -- |
Sundem, Gary L. |
| 942 ## - ADDED ENTRY ELEMENTS (KOHA) |
| Source of classification or shelving scheme |
|
| Item type |
Books |